Draughtsmanship : (Record no. 544579)

000 -LEADER
fixed length control field 00645nam a2200193 i 4500
020 ## - INTERNATIONAL STANDARD BOOK NUMBER
International Standard Book Number 0713133686 :
082 00 - DEWEY DECIMAL CLASSIFICATION NUMBER
Classification number 604.2
Author Mark REE
100 1# - MAIN ENTRY--PERSONAL NAME
Personal name Reekie, Ronald Fraser.
9 (RLIN) 40244
245 10 - TITLE STATEMENT
Title Draughtsmanship :
Remainder of title drawing techniques for graphic communication in architecture and building /
Statement of responsibility, etc. [by] Fraser Reekie.
250 ## - EDITION STATEMENT
Edition statement 3rd ed.
260 ## - PUBLICATION, DISTRIBUTION, ETC.
Place of publication, distribution, etc. London :
Name of publisher, distributor, etc. Edward Arnold,
Date of publication, distribution, etc. 1976.
300 ## - PHYSICAL DESCRIPTION
Extent [9], 250 p. :
Other physical details ill., maps, plans, port. ;
Dimensions 21 cm.
500 ## - GENERAL NOTE
General note Includes index.
500 ## - GENERAL NOTE
General note On cover: Metric units.
526 ## - STUDY PROGRAM INFORMATION NOTE
Program name 0
Interest level 0
Reading level 0
Title point value 604_200000000000000_REE
650 #0 - SUBJECT ADDED ENTRY--TOPICAL TERM
Topical term or geographic name entry element Architectural drawing.
9 (RLIN) 25520
650 #0 - SUBJECT ADDED ENTRY--TOPICAL TERM
Topical term or geographic name entry element MCE
9 (RLIN) 379
942 ## - ADDED ENTRY ELEMENTS (KOHA)
Source of classification or shelving scheme
Koha item type Book
Holdings
Withdrawn status Lost status Source of classification or shelving scheme Damaged status Not for loan Permanent Location Current Location Date acquired Total Checkouts Full call number Barcode Date last seen Date last checked out Price effective from Koha item type
          Military College of Engineering (MCE) Military College of Engineering (MCE) 05/08/2014 1 604.2 REE MCE-29872 05/09/2014 05/09/2014 05/08/2014 Book
© 2023 Central Library, National University of Sciences and Technology. All Rights Reserved.